Phát triển giải pháp kỹ thuật đảm bảo gắn bó dữ liệu cho các hệ thống thông tin đào tạo trên mạng Internet / Intranet
Cơ sở kỹ thuật của việc xây dựng hệ thống gắn bó; Giải pháp kỹ thuật đảm bảo gắn bó dữ liệu trong hệ thống thông tin đào tạo; Xây dựng chương trình thực nghiệm.
保存先:
| 第一著者: | |
|---|---|
| その他の著者: | |
| フォーマット: | 図書 |
| 言語: | Vietnamese |
| 出版事項: |
Đà Nẵng :
Đại học Đà Nẵng,
2004.
|
| 主題: | |
| タグ: |
タグ追加
タグなし, このレコードへの初めてのタグを付けませんか!
|
| Thư viện lưu trữ: | Mạng thư viện Đại học Đà Nẵng |
|---|
| LEADER | 01652cam a2200385 a 4500 | ||
|---|---|---|---|
| 001 | 000042299 | ||
| 003 | 173 | ||
| 005 | 20060302101345.0 | ||
| 008 | 010226b2004 vm 000 vie | ||
| 040 | |a LRC |c LRC |d LRC | ||
| 041 | 0 | |a vie | |
| 082 | 1 | 4 | |a 005.754 |b PH-H |
| 100 | 1 | |a Phạm Đình Hân. | |
| 245 | 1 | 0 | |a Phát triển giải pháp kỹ thuật đảm bảo gắn bó dữ liệu cho các hệ thống thông tin đào tạo trên mạng Internet / Intranet |h [Thesis - Luận văn] / |c Phạm Đình Hân ; Lê Văn Sơn hướng dẫn. |
| 260 | |a Đà Nẵng : |b Đại học Đà Nẵng, |c 2004. | ||
| 300 | |a viii, 87 tr. : |b mh. ; |c 29 cm. | ||
| 520 | 3 | |a Cơ sở kỹ thuật của việc xây dựng hệ thống gắn bó; Giải pháp kỹ thuật đảm bảo gắn bó dữ liệu trong hệ thống thông tin đào tạo; Xây dựng chương trình thực nghiệm. | |
| 630 | 0 | 4 | |a Cơ sở dữ liệu. |
| 630 | 0 | 4 | |a Internet. |
| 630 | 0 | 4 | |a Intranet. |
| 650 | 0 | 4 | |a Cơ sở dữ liệu máy tính, |x Kỹ thuật. |
| 700 | 1 | |a Lê Văn Sơn, |c TS., |e Hướng dẫn. | |
| OWN | |a DUT | ||
| AVA | |a UDN50 |b DUT |c Internal Resources |d 005.754 PH-H |e available |t Error 5001 Not defined in file expand_doc_bib_avail. |f 1 |g 0 |h N |i 0 |j NS |k 1 | ||
| 999 | |a From the UDN01 | ||
| AVA | |a UDN50 |b DUT |c Internal Resources |d 005.754 PH-H |e available |t Error 5001 Not defined in file expand_doc_bib_avail. |f 1 |g 0 |h N |i 0 |j NS |k 1 | ||
| TYP | |a Mixed Materials | ||
| TYP | |a Monograph | ||
| TYP | |a Printed language | ||
| 980 | |a Mạng thư viện Đại học Đà Nẵng | ||